000 00835nam a2200277 a 4500
003 AR-BaBNM
005 20251128203218.0
008 082120s2002 ||||||||||||||000 | spa||
020 _a950-643-005-5
040 _cAR-BaBNM
245 0 0 _aLiteratura y hermenéutica
_bestudios sobre la creación y la crítica literaria desde una perspectiva latinoamericana
260 _aBuenos Aires
_bFernando García Cambeiro
_c1986
300 _a262 p.
490 0 _aEstudios latinoamericanos
_vv. 32
650 4 _aTEORIA LITERARIA
650 4 _aCRITICA LITERARIA
650 4 _aLITERATURA LATINOAMERICANA
650 4 _aSEMIOLOGIA
650 4 _aESCRITORES
650 4 _aANALISIS LITERARIO
655 _aLITERATURA
700 1 _aMaturo, Graciela
_ecompilador
800 1 _aMaturo, Graciela
_edirector
942 _cBK
998 _cMARTIN
999 _c2413
_d2413